| 000 | 00665nam a22001937a 4500 | ||
|---|---|---|---|
| 999 |
_c19382 _d19382 |
||
| 003 | AR-CdUCM | ||
| 008 | 190517b ||||| |||| 00| 0 spa d | ||
| 040 |
_aMUNICIPALIDAD PROVINCIAL DEL CUSCO _cBIBLIOTECA MUNICIPAL DEL CUSCO |
||
| 082 |
_a869.56 / _bC13 |
||
| 100 |
_aCabel, Jesús _96084 |
||
| 245 | _aOpera de piedra : | ||
| 260 |
_aArequipa : _bEdiciones dirección universitaria de investigación Unsa, _c1981. |
||
| 300 |
_a79 paginas ; _c30 cm. |
||
| 505 | _aContenido: Poetas y poemas -- Martin Adan -- Xavier Bacacorzo -- Jorge Bacacorzo... | ||
| 650 |
_aPoesias _92556 |
||
| 650 |
_aLiteratura _983 |
||
| 942 |
_2ddc _cLIBROS |
||
| 945 |
_apjha _d2019-05-17 |
||